000 00829nam a22002777a 4500
001 240013
003 DO-SdBNP
005 20180205095706.0
007 240013
008 160316b 1989 sp xxu||||| |||| 00| 0 spa d
020 _a8427013868
040 _aBPMSU
_bspa
_cBPMSU
100 1 _aMoorcock, Michael,
_41939-
240 1 0 _aThe weird of the white wolf.
_lEspañol
245 1 0 _aEl misterio del lobo blanco /
_cMichael Moorcock ; traducción de Hernán Sabaté ; ilustración Michael Whelan.
260 _aBarcelona :
_bMartínez Roca,
_c1989.
300 _a158 p. ;
_c20 cm.
490 1 _aFantasy ;
_v24
700 1 2 _aSabaté, Hernán,
_etr.
700 1 2 _aWhelan, Michael,
_eil.
830 1 _pFantasy ;
_v24
910 _a00260
942 _2ddc
_cBK
945 _aInventariado, 2018/MFF
956 _2LOPEREZ
_310
999 _c9249
_d9249